Statistics for British Seaside Towns

Click here to take the quiz!

General Stats

  • This quiz has been taken 137 times
    (130 since last reset)
  • The average score is 4 of 7

Answer Stats

HintAnswer% Correct
Piers, Pleasure Beach, Tower, Stanley GardensBlackpool
93%
Southern England, Rock, PalaceBrighton
90%
Town in Yorkshire, Famous Castle, Sealife CentreScarborough
71%
Dracula, Steps, Harbour, YorkshireWhitby
70%
Welsh town, Great Orme, PierLlandudno
49%
South of Hull, Brexit StrongholdSkegness
45%
Scotland, County named after it, near AllowayAyr
30%

Score Distribution

Percentile by Number Answered

Percent of People with Each Score

Your Score History

You have not taken this quiz since the last reset